000 00559nam a2200205Ia 4500
003 OSt
005 20220926024319.0
006 a|||||r|||| 00| 0
007 ta
008 220923b |||||||| |||| 00| 0 eng d
037 _cGeneral Book
040 _aRTL
_cRTL
_beng
041 _2eng
_aeng
082 _aX81n.3.N70<N69, L0
245 0 _aInstitute of actuaries year book,1969-1970.
260 _aOxford
_bAlden press
_c1969
300 _axv,383p.
_ccm.
942 _hX81n.3.N70<N69, L0
_cGB
_2CC
999 _c643736
_d643736